书目信息 |
| 题名: |
全媒体语境下老龄社会的阅读服务保障整合研究
|
|
| 作者: | 邓香莲 著 | |
| 分册: | ||
| 出版信息: | 上海 复旦大学出版社 2020.9 |
|
| 页数: | 357页 | |
| 开本: | 22cm | |
| 丛书名: | ||
| 单 册: | ||
| 中图分类: | G259.252 | |
| 科图分类: | ||
| 主题词: | 公共图书馆--老年人--读者服务--研究--中国 | |
| 电子资源: | ||
| ISBN: | 978-7-309-15056-8 | |
| 000 | 01346nam0 2200277 45 | |
| 001 | 012001004036 | |
| 005 | 20140926102145.0 | |
| 010 | @a978-7-309-15056-8@dCNY78.00 | |
| 100 | @a20200919d2020 em y0chiy0110 ea | |
| 101 | 0 | @achi |
| 102 | @aCN@b310000 | |
| 105 | @aak az 000yy | |
| 106 | @ar | |
| 200 | 1 | @a全媒体语境下老龄社会的阅读服务保障整合研究@Aquan mei ti yu jing xia lao ling she hui de yue du fu wu bao zhang zheng he yan jiu@f邓香莲著 |
| 210 | @a上海@c复旦大学出版社@d2020.9 | |
| 215 | @a357页@c图@d22cm | |
| 300 | @a传播学研究书系 | |
| 300 | @a本书由华东师范大学传播学院资助出版 | |
| 314 | @a邓香莲,2006年毕业于武汉大学信息管理学院,获管理学博士学位,美国特拉华大学访问学者。主要研究兴趣:国民阅读、数字出版和新媒体传播等。 | |
| 320 | @a有书目(第350-357页) | |
| 330 | @a本书考察了老龄社会大众媒介的基本功能,并科学设计问卷和调研方案,对当前我国老年群体的阅读现状展开了比较全面、深入的实证研究。在此基础作者分别从大众媒介(以广播为例)、心理学和出版物产品的视角,广泛、深入地探讨了全媒体语境下老龄群体的阅读服务保障现状、存在的不足以,及未来的发展方向,对老年阅读研究、老年读物的生产、针对老年读者的阅读服务有着较好的借鉴和参考价值。 | |
| 606 | 0 | @a公共图书馆@x老年人@x读者服务@x研究@y中国 |
| 690 | @aG259.252@v5 | |
| 701 | 0 | @a邓香莲@Adeng xiang lian@4著 |
| 801 | @aCN@bAHXH@c20210922 | |
| 905 | @b1329078-82@dG259.252@e43@f5 | |
| 全媒体语境下老龄社会的阅读服务保障整合研究/邓香莲著.-上海:复旦大学出版社,2020.9 |
| 357页:图;22cm |
| 传播学研究书系.-本书由华东师范大学传播学院资助出版 |
| ISBN 978-7-309-15056-8:CNY78.00 |
| 本书考察了老龄社会大众媒介的基本功能,并科学设计问卷和调研方案,对当前我国老年群体的阅读现状展开了比较全面、深入的实证研究。在此基础作者分别从大众媒介(以广播为例)、心理学和出版物产品的视角,广泛、深入地探讨了全媒体语境下老龄群体的阅读服务保障现状、存在的不足以,及未来的发展方向,对老年阅读研究、老年读物的生产、针对老年读者的阅读服务有着较好的借鉴和参考价值。 |
| ● |
| 相关链接 |
|
|
|
|
正题名:全媒体语境下老龄社会的阅读服务保障整合研究
索取号:G259.252/43
 
预约/预借
| 序号 | 登录号 | 条形码 | 馆藏地/架位号 | 状态 | 备注 |
| 1 | 1329078 | 213290785 | 第一样本阅览室/ [索取号:G259.252/43] | 在馆 | |
| 2 | 1329079 | 213290794 | 教育系资料室/ [索取号:G259.252/43] | 在馆 | |
| 3 | 1329080 | 213290801 | 教育系资料室/ [索取号:G259.252/43] | 在馆 | |
| 4 | 1329081 | 213290810 | 第四借阅区/ [索取号:G259.252/43] | 在馆 | |
| 5 | 1329082 | 213290829 | 第四借阅区/ [索取号:G259.252/43] | 在馆 |